Catálogo

LA SEXUALIDAD DEL DEFICIENTE (Registro nro. 53017)

Detalles MARC
000 -LEADER
fixed length control field 01079nam a2200229 a 4500
001 - CONTROL NUMBER
control field 53017
005 - DATE AND TIME OF LATEST TRANSACTION
control field 20180714043111.0
008 - FIXED-LENGTH DATA ELEMENTS--GENERAL INFORMATION
fixed length control field 140415s2006 sp 000 0 spa d
020 ## - INTERNATIONAL STANDARD BOOK NUMBER
International Standard Book Number 8432917427
041 ## - LANGUAGE CODE
Language code of text/sound track or separate title spa
082 ## - DEWEY DECIMAL CLASSIFICATION NUMBER
Classification number 371.9
Item number EDU
100 1# - MAIN ENTRY--PERSONAL NAME
Personal name BALDARO VERDE, JOLE -GOVIGLI, GIULIANO
245 13 - TITLE STATEMENT
Title LA SEXUALIDAD DEL DEFICIENTE
250 ## - EDITION STATEMENT
Edition statement 1a ed.
260 ## - PUBLICATION, DISTRIBUTION, ETC.
Place of publication, distribution, etc. ESPAÑA :
Name of publisher, distributor, etc. CEAC,
Date of publication, distribution, etc. 2006
300 ## - PHYSICAL DESCRIPTION
Extent 136
Dimensions 15.5 x 1 x 25.7
490 ## - SERIES STATEMENT
Series statement EDUCACION ESPECIAL
520 ## - SUMMARY, ETC.
Summary, etc. DURANTE LOS 10 ULTIMOS AÑOS SE HAN ESCRITO NUMEROSOS VOLUMENES SOBRE LA PROBLEMATICA DE LOS DISMINUIDOS: FAMILIA, ESCUELA, TRABAJO, TIEMPO LIBRE, BARRERAS ARQUITECTONICAS, PROBLEMAS MEDICOS DE PREVENCION, DIAGNOSIS, REHABILITACION, PROBLEMAS DE ORDEN LEGISLATIVO, ETC. EN CAMBIO, ACERCA DE LA SEXUALIDAD DE ESTAS PERSONAS POCO SE HA ESCRITO, NO SOLO EN EL CAMPO NACIONAL SINO QUE TAMPOCO EN EL INTERNACIONAL.
650 14 - SUBJECT ADDED ENTRY--TOPICAL TERM
Topical term or geographic name entry element EDUCACION
General subdivision EDUCACION ESPECIAL
-- EDUCACION SEXUAL
-- SEXUALIDAD
740 ## - ADDED ENTRY--UNCONTROLLED RELATED/ANALYTICAL TITLE
Uncontrolled related/analytical title LA SESSUALITA DELL´HANDICAPPATO
700 1# - ADDED ENTRY--PERSONAL NAME
Personal name VALGIMIGLI, CAMILLO
Relator term coaut.
Existencias
Withdrawn status Lost status Source of classification or shelving scheme Damaged status Not for loan Collection code Home library Current library Shelving location Date acquired Source of acquisition Inventory number Total Checkouts Full call number Barcode Price effective from Koha item type Date last seen Date last checked out
    Dewey Decimal Classification     General Biblioteca Karol Wojtyla Biblioteca Karol Wojtyla Sala general 03/12/2013 Compra 151000000000000000041488   371.9 EDU 89763 03/12/2013 Libro    
    Dewey Decimal Classification     General Biblioteca Karol Wojtyla Biblioteca Karol Wojtyla Sala general 03/12/2013 Compra 151000000000000000041487   371.9 EDU 78811 03/12/2013 Libro 05/01/2026 18/11/2017